[Event "Balkaniad"]
[Site "Kavala"]
[Date "1990.??.??"]
[Round "6"]
[White "Dizdarevic, Emir"]
[Black "Grivas, Efstratios"]
[Result "1-0"]
[WhiteElo "2500"]
[BlackElo "2435"]

1.Nf3 Nf6 2.c4 g6 3.d4 Bg7 4.g3 O-O 5.Bg2 d6 6.Nc3 Nbd7 7.O-O e5 8.e4 h6
9.Re1 Nh7 10.dxe5 dxe5 11.Qc2 Ng5 12.Nxg5 hxg5 13.Be3 c6 14.b4 Re8 15.Red1 Qe7
16.Rab1 Nf8 17.Na4 Ne6 18.Nc5 Nd4 19.Bxd4 exd4 20.Nd3 a5 21.b5 c5 22.b6 Bd7
23.Re1 Rec8 24.e5 Bc6 25.Bh3 Re8 26.Bg4 a4 27.a3 Qd8 28.Qe2 Qe7 29.Rb2 Ra6
30.Qd1 Qd8 31.Qb1 Ra5 32.h3 Bd7 33.Bf3 Qc8 34.Kh2 Bf5 35.Qd1 Be6 36.Qc1 Bf5
37.Qd2 Ra6 38.Rb5 Bxd3 39.Qxd3 Bxe5 40.Bd5 Kg7 41.Kg2 Ra8 42.Qf3 Qf5 43.Bxb7 Bd6
44.Reb1 Rab8 45.Qxf5 gxf5 46.Bf3 f4 47.g4 Red8 48.Ra5 d3 49.Rxa4 Be5 50.Ra5 Bd4
51.Rab5 d2 52.a4 Bc3 53.a5 d1=Q  1-0

[Event "URS-Trade Union"]
[Site "Kherson"]
[Date "1990.??.??"]
[Round "?"]
[White "Temirbaev, Serik"]
[Black "Zhelnin, Vladimir V"]
[Result "1/2-1/2"]
[WhiteElo "2410"]
[BlackElo "2335"]

1.d4 Nf6 2.c4 g6 3.Nf3 Bg7 4.g3 O-O 5.Bg2 d6 6.O-O c6 7.Nc3 Nbd7 8.e4 e5
9.h3 Ne8 10.Re1 Nc7 11.Be3 f5 12.Qd2 Qf6 13.dxe5 dxe5 14.Bh6 Ne6 15.Bxg7 Kxg7
16.Rad1 f4 17.Qd6 a5 18.Na4 Re8 19.b3 Qe7 20.g4 Nec5 21.Nc3 h6 22.Qxe7+ Rxe7
23.Rd6 Nf6 24.Rd8 Ne6 25.Rd6  1/2-1/2

[Event "Leningrad op"]
[Site "Leningrad"]
[Date "1990.??.??"]
[Round "?"]
[White "Frolov, Y."]
[Black "Zakharevich, Igor"]
[Result "0-1"]
[WhiteElo "2360"]
[BlackElo "2255"]

1.Nf3 Nf6 2.c4 g6 3.d4 Bg7 4.g3 O-O 5.Bg2 d6 6.O-O Nbd7 7.Nc3 e5 8.h3 c6
9.Qc2 Re8 10.e4 a5 11.Be3 exd4 12.Nxd4 Nc5 13.Rad1 Qe7 14.Rfe1 a4 15.Bf4 Nh5
16.Nf5 gxf5 17.Bxd6 Qg5 18.Bxc5 f4 19.Bd6 fxg3 20.fxg3 Nxg3 21.Qc1 Qg6 22.Kh2 Nh5
23.Qd2 Re6 24.Re2 Rxd6 25.Qxd6 Qxd6+ 26.Rxd6 Be5+  0-1

[Event "Lyngby op"]
[Site "Lyngby"]
[Date "1990.??.??"]
[Round "2"]
[White "Stempin, Pawel"]
[Black "Stanke, Juergen"]
[Result "1-0"]
[WhiteElo "2445"]
[BlackElo "2270"]

1.d4 Nf6 2.Nf3 g6 3.c4 Bg7 4.g3 O-O 5.Bg2 d6 6.Nc3 Nbd7 7.O-O e5 8.h3 c6
9.e4 a6 10.Be3 Qe7 11.Qc2 exd4 12.Nxd4 Ne5 13.b3 c5 14.Nde2 Rb8 15.a4 Nc6
16.Rfd1 Nb4 17.Qd2 Ne8 18.Rac1 b6 19.Nf4 Bb7 20.Ncd5 Bxd5 21.Nxd5 Nxd5 22.Qxd5 a5
23.Qc6 h6 24.Rd3 Kh7 25.Rcd1 g5 26.Bf3 Kh8 27.Bg4 Rb7 28.Bf5 Rg8 29.Bd2 Be5
30.Bc3 Bxc3 31.Rxc3 h5 32.e5 Rc7 33.Qf3 dxe5 34.Qxh5+ Kg7 35.Qh7+ Kf8 36.Qh6+ Ng7
37.Rcd3  1-0

[Event "Lyon op"]
[Site "Lyon"]
[Date "1990.??.??"]
[Round "?"]
[White "Damm, Fabian"]
[Black "Landenbergue, Claude"]
[Result "1/2-1/2"]
[WhiteElo "2240"]
[BlackElo "2385"]

1.d4 Nf6 2.Nf3 g6 3.g3 Bg7 4.Bg2 O-O 5.c4 d6 6.Nc3 Nbd7 7.O-O e5 8.Qc2 exd4
9.Nxd4 Re8 10.Rd1 c6 11.b4 Qe7 12.b5 c5 13.Nb3 Nb6 14.Nd2 Ng4 15.e4 Qf6 16.Ndb1 Ne5
17.Bf4 Nexc4 18.a4 g5 19.Bc1 Bg4 20.Rf1 a5 21.bxa6 Rxa6 22.Ra2 Ne5 23.f4 gxf4
24.gxf4 Nc6 25.Qf2 Be6 26.e5 dxe5 27.Ne4 Qf5 28.Ra3 exf4 29.Qh4 Bd5 30.Rxf4 Qe5
31.Re3 Qd4 32.Nf6+ Bxf6 33.Rxd4 Bxd4 34.Bxd5 Nxd5 35.Qg5+ Kf8 36.Qxd5 Bxe3+
37.Bxe3 Rxe3 38.Qxc5+ Re7 39.Nc3 Ra5 40.Qd6 Rg5+ 41.Kf2 Kg7 42.Qd2 Rf5+ 43.Kg2 Re6
44.Ne2 Ref6 45.Ng3 Rf2+ 46.Qxf2 Rxf2+ 47.Kxf2 Kf6 48.Ne4+ Ke7 49.Ke3 f5 50.Nc5 b6
51.Nb3 Na5 52.Nd4 Kf6 53.Kf4 Nc4 54.Nc6 Na5 55.Nd4 Nb7 56.Nc6 Nc5 57.a5 Ne6+
58.Kg3 bxa5 59.Nxa5 f4+ 60.Kg4 Ke5 61.Nc4+ Ke4 62.Kh5 Kd4 63.Nd6 Kd3 64.Kg4 Ke2
65.Kf5 f3 66.Kxe6 f2 67.Ne4 h5 68.Nxf2 Kxf2 69.Kf5 h4 70.Kg4 h3 71.Kxh3 Kf3
72.Kh4 Kf4  1/2-1/2

[Event "Lyon zt"]
[Site "Lyon"]
[Date "1990.??.??"]
[Round "13"]
[White "Miralles, Gilles"]
[Black "Piket, Jeroen"]
[Result "1/2-1/2"]
[WhiteElo "2460"]
[BlackElo "2495"]

1.d4 Nf6 2.c4 g6 3.Nf3 Bg7 4.g3 O-O 5.Bg2 d6 6.Nc3 Nc6 7.O-O Bf5 8.d5 Na5
9.Nd4 Bd7 10.Qd3 c5 11.dxc6 Nxc6 12.Nxc6 bxc6 13.h3 Rb8 14.Rb1 Qc8 15.Kh2 Be6
16.Bf4 Rb4 17.b3 d5 18.cxd5 cxd5 19.Rbe1 Qd7 20.Na4 Bf5 21.Qd2 a5 22.Nc5 Qa7  1/2-1/2

[Event "Marseille"]
[Site "Marseille"]
[Date "1990.??.??"]
[Round "4"]
[White "Miralles, Gilles"]
[Black "Chabanon, Jean Luc"]
[Result "1-0"]
[WhiteElo "2460"]
[BlackElo "2445"]

1.d4 Nf6 2.c4 g6 3.Nf3 Bg7 4.g3 O-O 5.Bg2 d6 6.Nc3 c6 7.O-O Bf5 8.Nh4 Be6
9.d5 cxd5 10.cxd5 Bd7 11.Be3 Na6 12.Bd4 b5 13.a3 Nc5 14.b4 Na4 15.Nxa4 bxa4
16.e4 Ne8 17.Nf3 a5 18.e5 axb4 19.axb4 Bg4 20.exd6 Qxd6 21.Bc5 Qd7 22.Ra2 Nc7
23.h3 Bxf3 24.Qxf3 Nb5 25.Re1 Rfe8 26.Kh2 a3 27.Rxe7 Rxe7 28.Bxe7 Nd4 29.Qe4 f5
30.Qe1 f4 31.d6 Re8 32.Bd5+ Kh8 33.Qe4 Qb5 34.Be6 f3 35.d7 Rg8 36.Rxa3 Qf1
37.Rxf3 Ne2 38.h4 Qg1+ 39.Kh3 Qh1+ 40.Kg4 Ng1 41.d8=Q h5+ 42.Kf4 Bh6+ 43.Ke5 Bg7+
44.Rf6  1-0

[Event "Moscow (Women)"]
[Site "Moscow"]
[Date "1990.??.??"]
[Round "?"]
[White "Demina, Julia"]
[Black "Baginskaite, Kamile"]
[Result "1-0"]
[WhiteElo "2310"]
[BlackElo "2300"]

1.Nf3 Nf6 2.c4 g6 3.d4 Bg7 4.g3 O-O 5.Bg2 d6 6.O-O Nc6 7.Nc3 Bf5 8.d5 Na5
9.Nd4 Bd7 10.b3 c5 11.Nc2 Rb8 12.e4 b5 13.Nxb5 Bxb5 14.cxb5 Nd7 15.Rb1 Rxb5
16.Qe2 Rb8 17.Bd2 e6 18.Qa6 Nb7 19.Ne3 Qb6 20.Qa4 Qc7 21.Nc4 exd5 22.exd5 Ne5
23.f4 Ng4 24.h3 Bd4+ 25.Kh1 Nf2+ 26.Kh2 Rfe8 27.Rbe1 Rxe1 28.Rxe1 Nd3 29.Re2 Ra8
30.Qc6 Qb8 31.Re7 Nd8 32.Qe8+ Kg7 33.Ba5  1-0

[Event "Moscow2"]
[Site "Moscow"]
[Date "1990.??.??"]
[Round "?"]
[White "Ksieski, Zbigniew"]
[Black "Bokan, Danko"]
[Result "1-0"]
[WhiteElo "2395"]
[BlackElo "2260"]

1.d4 Nf6 2.c4 g6 3.Nf3 Bg7 4.g3 O-O 5.Bg2 d6 6.O-O Nbd7 7.d5 e5 8.dxe6 fxe6
9.Nd4 Qe7 10.Nc3 Kh8 11.e4 Ne5 12.Qe2 c5 13.Nb3 Nc6 14.e5 Nxe5 15.Nxc5 Qc7
16.Nd3 Nxc4 17.Nf4 Ne5 18.Nb5 Qe7 19.Re1 Ne8 20.Be3 Nc6 21.Rad1 d5 22.Rc1 Rf6
23.Bc5 Qf7 24.Nxd5 Rf5 25.Ne3 Rf6 26.Nd4 e5 27.Nxc6 bxc6 28.Nc4 Ba6 29.Nxe5 Qxa2
30.Qd2 Bb5 31.Qd7 Qg8 32.Nxc6 Qf7 33.Re7 Qg8 34.Rce1 Rf8 35.Qb7 Bxc6 36.Qxc6 Nf6
37.Rxa7 Rac8 38.Bxf8 Qxf8 39.Qxc8 Qxc8 40.Ra8 Qxa8 41.Bxa8 Kg8 42.b4 Kf7
43.Bc6 Ng4 44.b5 Ne5 45.Bd5+ Kf8 46.b6 Nd7 47.b7 Nb8 48.Bc6 Nxc6 49.Rc1  1-0

[Event "Moscow (Women)"]
[Site "Moscow"]
[Date "1990.??.??"]
[Round "?"]
[White "Baginskaite, Kamile"]
[Black "Domkute, R."]
[Result "1/2-1/2"]
[WhiteElo "2300"]
[BlackElo "2225"]

1.d4 Nf6 2.c4 g6 3.Nf3 Bg7 4.g3 d6 5.Bg2 O-O 6.O-O Nbd7 7.Nc3 e5 8.h3 Re8
9.e4 exd4 10.Nxd4 a6 11.Be3 Rb8 12.Qc2 c5 13.Nde2 b5 14.Rad1 b4 15.Nd5 Nxd5
16.Rxd5 Qe7 17.Rfd1 Rb6 18.R5d2 Bb7 19.Nf4 Nf6 20.f3 g5 21.Nd3 Nd7 22.Nf2 f5
23.Re2 fxe4 24.Nxe4 Bxe4 25.fxe4 Be5  1/2-1/2

[Event "Muenster op"]
[Site "Muenster"]
[Date "1990.??.??"]
[Round "7"]
[White "Kalinitschew, Sergey"]
[Black "Werner, Dimo"]
[Result "1-0"]
[WhiteElo "2465"]
[BlackElo "2350"]

1.d4 Nf6 2.Nf3 g6 3.c4 Bg7 4.g3 O-O 5.Bg2 d6 6.O-O Nc6 7.Nc3 a6 8.h3 Rb8
9.Be3 b5 10.Nd2 Bd7 11.Rc1 e5 12.dxe5 Nxe5 13.c5 d5 14.Bg5 c6 15.e4 d4 16.Ne2 h6
17.Bf4 Nd3 18.Bxb8 Qxb8 19.Rb1 Nxc5 20.Nxd4 Rd8 21.Qc2 Qb6 22.N2b3 Na4 23.Rbc1 Nh5
24.Rfd1 Be8 25.e5 Bxe5 26.Nxc6 Rxd1+ 27.Rxd1 Bf6 28.Ncd4 Bd7 29.Kh2 Bg7 30.Qe2 Nf6
31.Rd2 h5 32.Nf3 Be6 33.Ng5 Bc4 34.Qe7  1-0

[Event "NOR-ch"]
[Site "NOR"]
[Date "1990.??.??"]
[Round "7"]
[White "Bjerke, Richard"]
[Black "Wibe, Terje"]
[Result "1/2-1/2"]
[WhiteElo "2315"]
[BlackElo "2330"]

1.d4 Nf6 2.c4 g6 3.Nf3 Bg7 4.g3 O-O 5.Bg2 d6 6.O-O c6 7.Nc3 Nbd7 8.e4 e5
9.h3 a5 10.Be3 Re8  1/2-1/2

[Event "Novi Sad ol (Men)"]
[Site "Novi Sad"]
[Date "1990.??.??"]
[Round "1"]
[White "Ardiansyah, Haji"]
[Black "Delaney, John"]
[Result "1-0"]
[WhiteElo "2450"]
[BlackElo "2315"]

1.d4 Nf6 2.Nf3 g6 3.c4 Bg7 4.g3 O-O 5.Bg2 d6 6.O-O a6 7.Nc3 Nc6 8.Bf4 Rb8
9.Rc1 Nh5 10.Bg5 h6 11.Be3 Kh7 12.Qd2 Bd7 13.d5 Na5 14.Ne4 c5 15.b4 cxb4
16.Qxb4 f5 17.Bb6 Nc6 18.Qb1 fxe4 19.Bxd8 exf3 20.dxc6 fxg2 21.Rfd1 Bxc6
22.Bxe7 Rf5 23.f3 Re8 24.g4 Re5 25.gxh5 R8xe7 26.Qxg6+ Kg8 27.e4 R7e6 28.Qg4 Rf6
29.h4 Be8 30.Rd5 Bxh5 31.Qc8+ Re8 32.Qd7 Bf7 33.Kxg2 Rg6+ 34.Kf2 Rf8 35.Rxd6 Bf6
36.Rxf6 Rxf6 37.Rg1+ Kh7 38.Qe7  1-0

[Event "Novi Sad ol (Men)"]
[Site "Novi Sad"]
[Date "1990.??.??"]
[Round "3"]
[White "Lalic, Bogdan"]
[Black "Correa, Aron A"]
[Result "1-0"]
[WhiteElo "2490"]
[BlackElo "2320"]

1.d4 Nf6 2.c4 g6 3.Nf3 Bg7 4.g3 O-O 5.Bg2 d6 6.O-O Nc6 7.Nc3 a6 8.Bd2 Bf5
9.Rc1 Ne4 10.Nxe4 Bxe4 11.d5 Nb8 12.Bc3 Nd7 13.Bxg7 Kxg7 14.Bh3 Bxf3 15.exf3 a5
16.f4 f5 17.Re1 Nc5 18.Re3 Rf6 19.Qe2 e6 20.dxe6 Qe7 21.Re1 Re8 22.Qd2 a4
23.Bg2 c6 24.Qa5 Kg8 25.Bf3 Qd8 26.Qxd8 Rxd8 27.b4 axb3 28.axb3 Re8 29.b4 Na6
30.b5 Nb4 31.R1e2 Re7 32.Rb3 c5 33.Bxb7 Rfxe6 34.Rxe6 Rxe6 35.Bf3 Re8 36.Ra3 Rb8
37.Ra7 d5 38.cxd5 Rxb5 39.Rc7 Ra5 40.d6 Ra1+ 41.Kg2  1-0

[Event "Novi Sad ol (Men)"]
[Site "Novi Sad"]
[Date "1990.??.??"]
[Round "5"]
[White "Hulak, Krunoslav"]
[Black "Sznapik, Aleksander"]
[Result "1-0"]
[WhiteElo "2560"]
[BlackElo "2455"]

1.d4 Nf6 2.Nf3 g6 3.c4 Bg7 4.g3 O-O 5.Bg2 d6 6.O-O Nc6 7.Nc3 a6 8.d5 Na5
9.Nd2 c5 10.Rb1 Bd7 11.b3 b5 12.Qc2 Rb8 13.Bb2 Qc7 14.Nd1 e5 15.e4 Ng4 16.h3 Nh6
17.f4 f5 18.Nf2 Rbe8 19.Rbe1 Nb7 20.Qc1 Nf7 21.Qa1 Qc8 22.exf5 gxf5 23.Nd3 Bh6
24.Re2 exf4 25.Rxe8 Rxe8 26.Nxf4 Ne5 27.Nf3 Bg7 28.Ne6 Bxe6 29.dxe6 Nxf3+
30.Bxf3 Re7 31.Bxg7 Rxg7 32.Bd5 Nd8 33.Rxf5 Nxe6 34.Rf6 Rxg3+ 35.Kf2 Rg6
36.Rxg6+ hxg6 37.Qf6  1-0

[Event "Novi Sad ol (Men)"]
[Site "Novi Sad"]
[Date "1990.??.??"]
[Round "6"]
[White "Damljanovic, Branko"]
[Black "Georgiev, Krum"]
[Result "1-0"]
[WhiteElo "2515"]
[BlackElo "2470"]

1.d4 Nf6 2.Nf3 g6 3.c4 Bg7 4.g3 O-O 5.Bg2 d6 6.O-O c6 7.Nc3 a6 8.e4 Nfd7
9.Be3 b5 10.Nd2 e5 11.d5 b4 12.Na4 c5 13.f4 exf4 14.gxf4 Nf6 15.h3 Nbd7 16.e5 dxe5
17.fxe5 Nxe5 18.Bxc5 Nh5 19.Bxf8 Kxf8 20.Nf3 Bd7 21.Nxe5 Bxe5 22.d6 Qh4 23.Qd5 Bd4+
24.Kh1 Kg7 25.Rxf7+ Kh6 26.Rf3 Rf8 27.Raf1 Rxf3 28.Rxf3 Bxa4 29.d7  1-0

[Event "Novi Sad ol (Men)"]
[Site "Novi Sad"]
[Date "1990.??.??"]
[Round "8"]
[White "Garcia, Raul"]
[Black "Chola, Stanley"]
[Result "1-0"]
[WhiteElo "2230"]
[BlackElo "2235"]

1.d4 Nf6 2.Nf3 g6 3.c4 Bg7 4.g3 O-O 5.Bg2 d6 6.O-O Nc6 7.Nc3 Bd7 8.h3 a6
9.e4 e5 10.d5 Ne7 11.c5 Ne8 12.cxd6 cxd6 13.a4 f5 14.Qb3 Rb8 15.Be3 b6 16.Rfc1 Kh8
17.Rd1 Nf6 18.Ng5 Nh5 19.Bd2 Qe8 20.Ne6 Bxe6 21.dxe6 f4 22.Be1 Nc8 23.Bf1 fxg3
24.fxg3 Rf6 25.Bxa6 Rxe6 26.Nd5 Qf7 27.Nc7 Rf6 28.Qxf7 Rxf7 29.Nd5 Bh6 30.Ra3 Na7
31.Rc3 Bg5 32.Bf2 Bd8 33.Kg2 Kg7 34.Be2 Nf6 35.Nxf6 Rxf6 36.a5 bxa5 37.Rd2 Nc8
38.Rc6 Bb6 39.Bxb6 Nxb6 40.b3 Nd7 41.Rc7 Rxb3 42.Rxd7+ Kh6 43.R7xd6 Rf8 44.R6d5 a4
45.Rxe5 a3 46.g4 Rfb8 47.Rd7  1-0

[Event "Novi Sad ol (Men)"]
[Site "Novi Sad"]
[Date "1990.??.??"]
[Round "9"]
[White "Arduman, Can"]
[Black "Ginting, Nasib"]
[Result "1/2-1/2"]
[WhiteElo "2375"]
[BlackElo "2385"]

1.d4 Nf6 2.Nf3 g6 3.c4 Bg7 4.g3 O-O 5.Bg2 d6 6.O-O Nc6 7.Nc3 a6 8.h3 Rb8
9.e4 b5 10.e5 dxe5 11.dxe5 Qxd1 12.Rxd1 Nd7 13.e6 fxe6 14.cxb5 axb5 15.Be3 b4
16.Na4 Nb6 17.Nxb6 cxb6 18.Rac1 Ne5 19.Nd4 Bd7 20.f4 Nf7 21.Nc2 Nd6 22.Nxb4 Bxb2
23.Rc7 Ba4 24.Rb1 Bf6 25.Na6 Rbc8 26.Bxb6 Bb5 27.Rxc8 Rxc8 28.Nb4 Nc4 29.Bf2 Nd2
30.Rd1 Rc4 31.Nd5 exd5 32.Bxd5+ Kf8 33.a4 Rxa4 34.Rxd2 Ra1+ 35.Kh2 Rc1 36.Ra2 Bc6
37.Bxc6 Rxc6 38.Kg2 g5 39.fxg5 Bxg5 40.Ra4 Kf7 41.Ra3 Rc5 42.Ra2  1/2-1/2

[Event "Novi Sad ol (Men)"]
[Site "Novi Sad"]
[Date "1990.??.??"]
[Round "10"]
[White "Brestian, Egon"]
[Black "Hurelbaatar, Chultemjamc"]
[Result "1-0"]
[WhiteElo "2470"]
[BlackElo "2310"]

1.d4 Nf6 2.Nf3 g6 3.c4 Bg7 4.g3 O-O 5.Bg2 d6 6.Nc3 Nc6 7.O-O e5 8.d5 Ne7
9.c5 Ne8 10.cxd6 cxd6 11.a4 h6 12.e4 f5 13.exf5 gxf5 14.a5 Nf6 15.Ra3 Bd7
16.Qb3 b5 17.Nxe5 dxe5 18.d6+ Kh8 19.Bxa8 Nc6 20.Bxc6 Bxc6 21.Nxb5 Qd7 22.Nc7 Qxd6
23.Qe6 Qxc7 24.Rc3 Rc8 25.Bxh6 Bxh6 26.Qxf6+ Bg7 27.Qxf5 e4 28.Qh3+ Kg8 29.Qe6+ Kh7
30.Rc5 Bxb2 31.Rh5+ Kg7 32.Rg5+ Kh8  1-0

[Event "Novi Sad ol (Men)"]
[Site "Novi Sad"]
[Date "1990.??.??"]
[Round "10"]
[White "Saeed, Nasser A"]
[Black "Marquez, Raul"]
[Result "0-1"]
[WhiteElo "2350"]
[BlackElo "2255"]

1.d4 Nf6 2.c4 g6 3.Nf3 Bg7 4.g3 O-O 5.Bg2 d6 6.O-O Nbd7 7.Nc3 e5 8.h3 c6
9.e4 Qb6 10.Re1 exd4 11.Nxd4 Ne8 12.Nb3 a5 13.Be3 Qb4 14.Qe2 a4 15.Nd4 a3
16.Rab1 axb2 17.Qxb2 Qxb2 18.Rxb2 Ne5 19.Rd1 Nxc4 20.Rc2 Nxe3 21.fxe3 Be5
22.Kh2 h5 23.h4 Nf6 24.Bf3 Bg4 25.Kg2 Ra3 26.Rdc1 Rfa8 27.Kf2 Bd7 28.Nde2 b5
29.Rb1 Be6 30.Nd1 Bxa2  0-1

[Event "Novi Sad ol (Men)"]
[Site "Novi Sad"]
[Date "1990.??.??"]
[Round "11"]
[White "Almada, Enrique"]
[Black "Hamed, Ahmed"]
[Result "1-0"]
[WhiteElo "2320"]
[BlackElo "2325"]

1.d4 Nf6 2.Nf3 g6 3.g3 Bg7 4.Bg2 O-O 5.c4 d6 6.Nc3 Nbd7 7.O-O e5 8.e4 c6
9.h3 Qb6 10.Re1 exd4 11.Nxd4 Ng4 12.Nce2 Nge5 13.b3 Nc5 14.Be3 Re8 15.Nc3 a5
16.Rb1 Qa6 17.Re2 Ned7 18.Rd2 Nf6 19.Qc2 a4 20.b4 Ne6 21.b5 Qa5 22.bxc6 Nxd4
23.Rxd4 bxc6 24.Rxd6 Nd7 25.Ne2 Qa6 26.Nd4 Ne5 27.Bf1 Qa5 28.c5 Bf8 29.f4 Bxd6
30.cxd6 c5 31.Rb5 Qd8 32.Rxc5 Nd7 33.Nc6 Qf6 34.Ne7+  1-0

[Event "Novi Sad ol (Men)"]
[Site "Novi Sad"]
[Date "1990.??.??"]
[Round "11"]
[White "Jussupow, Artur"]
[Black "Spasov, Vasil"]
[Result "1/2-1/2"]
[WhiteElo "2605"]
[BlackElo "2495"]

1.d4 Nf6 2.Nf3 g6 3.c4 Bg7 4.g3 O-O 5.Bg2 d6 6.O-O Nbd7 7.Nc3 e5 8.h3 Re8
9.e4 exd4 10.Nxd4 Nc5 11.Re1 Bd7 12.Rb1 Qc8 13.g4 h5 14.f3 hxg4 15.hxg4 c6
16.Bf4 Ne6 17.Nxe6 Bxe6 18.Qe2 Nd7 19.Rbd1 Ne5  1/2-1/2

[Event "Novi Sad ol (Men)"]
[Site "Novi Sad"]
[Date "1990.??.??"]
[Round "14"]
[White "Minero Pineda, Sergio"]
[Black "Perez, JJ."]
[Result "1-0"]
[WhiteElo "2285"]
[BlackElo "2240"]

1.d4 Nf6 2.c4 g6 3.g3 Bg7 4.Bg2 O-O 5.Nf3 d6 6.O-O Nc6 7.d5 Na5 8.Nfd2 c5
9.Nc3 a6 10.Qc2 Rb8 11.b3 b5 12.Bb2 e5 13.e4 Ne8 14.f4 f5 15.fxe5 dxe5 16.Ne2 bxc4
17.Nxc4 Nxc4 18.Qxc4 Rb5 19.d6+ Kh8 20.Rad1 Nxd6 21.Qd5 Rf7 22.Bxe5 c4 23.Qxd6 Rd7
24.Qc7 Qxc7 25.Bxc7 cxb3 26.Rxd7 Bxd7 27.axb3 Rxb3 28.Rd1 Bh6 29.exf5 Be3+
30.Kf1 Rb5 31.Bd5 Kg7 32.Be5+ Kh6 33.f6 Bh3+ 34.Ke1 Bc5 35.f7 Bg4 36.Be4 Bb4+
37.Bc3 Bxc3+ 38.Nxc3 Rb8 39.Rd4  1-0

[Event "Novi Sad ol (Men)"]
[Site "Novi Sad"]
[Date "1990.??.??"]
[Round "14"]
[White "Almada, Enrique"]
[Black "Low Pe Yeow"]
[Result "1/2-1/2"]
[WhiteElo "2320"]
[BlackElo "2205"]

1.d4 Nf6 2.Nf3 g6 3.g3 Bg7 4.Bg2 O-O 5.c4 d6 6.Nc3 c5 7.O-O Nc6 8.dxc5 dxc5
9.Be3 Be6 10.Rc1 Qa5 11.Qa4 Qxa4 12.Nxa4 b6 13.Rfd1 Rac8 14.b3 h6 15.Nc3 Ng4  1/2-1/2

[Event "Wch U26"]
[Site "Odessa"]
[Date "1990.??.??"]
[Round "2"]
[White "Pieniazek, Andrzej"]
[Black "Graf, Juergen"]
[Result "1/2-1/2"]
[WhiteElo "2245"]
[BlackElo "2425"]

1.d4 Nf6 2.c4 g6 3.Nf3 Bg7 4.g3 O-O 5.Bg2 d6 6.O-O c6 7.Nc3 Qa5 8.h3 Qa6
9.b3 b5 10.Nd2 bxc4 11.Nxc4 Be6 12.Qd3 Rc8 13.Bb2 Nbd7 14.Ne5 Qxd3 15.Nxd3 Nb6
16.Rfc1 a5 17.Rc2 Bf5 18.Rd1 h5 19.e4 Bd7 20.e5 Ne8 21.Rdc1 Bf5 22.Ne4 d5
23.Nec5 Bf8 24.a4 e6 25.Bf1 Ra7 26.Kg2 Rb8 27.Be2 Nc8 28.Rc3 Bh6 29.Rd1 Ne7
30.g4 hxg4 31.hxg4 Be4+ 32.f3 Bxd3 33.Nxd3 Nc7 34.Nc5 Na8 35.Ba3 Bf8 36.Rh1 Nb6
37.f4 Nbc8 38.Bd3 Rb6 39.Bc2 Bg7 40.Rg3 Rb8 41.Kf2 Nb6 42.Rhg1 Nd7 43.f5 Nxe5
44.fxe6 Nc4 45.bxc4 Bxd4+ 46.Kg2 Bxg1 47.exf7+ Kxf7 48.Kxg1 dxc4 49.Rc3 Nd5
50.Rxc4 Rh8 51.Nd3 Rh3 52.Rxc6 Rc7 53.Ne5+ Kg8 54.Rxg6+ Kh8 55.Bd3 Nf4 56.Nf7+ Rxf7
57.Bb2+ Kh7 58.Rg7+ Kh6 59.g5+ Kh5 60.Rxf7 Rg3+ 61.Kf2 Rxd3 62.Rxf4 Rd2+
63.Ke3 Rxb2 64.Rf5 Rb4 65.Rxa5 Kg6 66.Kd3 Rg4 67.Ra8 Kh7 68.a5 Rxg5 69.a6 Rg6
70.Ke4 Rb6 71.Kf5 Rc6 72.Ra7+ Kh8 73.Ra8+ Kh7 74.Ra7+ Kh8  1/2-1/2

[Event "Wch U26"]
[Site "Odessa"]
[Date "1990.??.??"]
[Round "5"]
[White "Pieniazek, Andrzej"]
[Black "Mrva, Martin"]
[Result "1/2-1/2"]
[WhiteElo "2245"]
[BlackElo "2340"]

1.d4 Nf6 2.c4 g6 3.Nf3 Bg7 4.g3 O-O 5.Bg2 d6 6.O-O c5 7.Nc3 Nfd7 8.d5 Na6
9.Bf4 Nc7 10.e4 Rb8 11.a4 a6 12.Qe2 f6 13.Rab1 b6 14.b4 a5 15.b5 Ne5 16.Ne1 Nf7
17.Nd3 f5 18.Rbc1 e5 19.dxe6 Nxe6 20.Be3 Nd4 21.Qd1 Ne5 22.Nxe5 dxe5 23.Nd5  1/2-1/2

[Event "Wch U26"]
[Site "Odessa"]
[Date "1990.??.??"]
[Round "7"]
[White "Bernal Moro, Luis Javier"]
[Black "Fioramonti, Hung"]
[Result "0-1"]
[WhiteElo "2380"]
[BlackElo "2355"]

1.d4 Nf6 2.c4 g6 3.Nf3 Bg7 4.g3 O-O 5.Bg2 d6 6.O-O c6 7.Nc3 Qa5 8.e4 Bg4
9.h3 Bxf3 10.Bxf3 Nfd7 11.Rb1 a6 12.Bg5 Qxg5  0-1

[Event "Paris-ch"]
[Site "Paris"]
[Date "1990.??.??"]
[Round "?"]
[White "Kinsman, Andrew PH"]
[Black "Murrey, Jacob"]
[Result "0-1"]
[WhiteElo "2340"]
[BlackElo "2530"]

1.d4 Nf6 2.Nf3 d6 3.g3 g6 4.Bg2 Bg7 5.c4 O-O 6.O-O Nc6 7.Nc3 Bf5 8.Re1 Ne4
9.Nxe4 Bxe4 10.d5 Na5 11.Nd2 Bxg2 12.Kxg2 c6 13.dxc6 bxc6 14.Rb1 d5 15.c5 Qc8
16.Qc2 f5 17.e3 e5 18.f4 exf4 19.gxf4 Qe6 20.b3 Nb7 21.Nf3 Qe4 22.Qxe4 fxe4
23.Nd4 Bxd4 24.exd4 Nd8 25.Be3 Ne6 26.Rf1 Rf7 27.b4 Rb8 28.Rb3 Kg7 29.Rf2 Kf6
30.a4 a6 31.Rfb2 Rfb7 32.Kf2 Kf5 33.Kg3 Ng7 34.Rb1 Nh5+ 35.Kh4 Ra8 36.R1b2 Rf7
37.Rf2 Ke6 38.Kg4 Ng7 39.Rf1 Nf5 40.Bg1 g5 41.Kh3 Rg8 42.fxg5 Rxg5 43.Be3 Rh5+
44.Kg2 Rg7+  0-1

[Event "Paris-ch"]
[Site "Paris"]
[Date "1990.??.??"]
[Round "?"]
[White "Stempin, Pawel"]
[Black "Moingt, Jean Claude"]
[Result "1-0"]
[WhiteElo "2445"]
[BlackElo "2265"]

1.d4 Nf6 2.Nf3 g6 3.c4 Bg7 4.g3 O-O 5.Bg2 d6 6.Nc3 Nc6 7.O-O a6 8.b3 Rb8
9.Nd5 Nh5 10.Bb2 e6 11.Nc3 b5 12.cxb5 axb5 13.e4 b4 14.Ne2 Nf6 15.Qc2 Bd7
16.Rfe1 Qc8 17.Nf4 Qa6 18.d5 Ne7 19.dxe6 fxe6 20.Ng5 e5 21.Nfe6 Rfc8 22.Bf1 Qa5
23.Bc4 Bb5 24.f4 Ng4 25.Nxg7+ Kxg7 26.Ne6+ Kh8 27.Qe2 Qb6+ 28.Kg2 h5 29.h3 Bxc4
30.bxc4 Nf6 31.Rf1 Qc6 32.fxe5 Nxe4 33.Kh2 Nc3 34.Qe3 Ng8 35.exd6  1-0

[Event "Paris-ch"]
[Site "Paris"]
[Date "1990.??.??"]
[Round "?"]
[White "Dorfman, Josif D"]
[Black "Gallagher, Joseph G"]
[Result "1-0"]
[WhiteElo "2595"]
[BlackElo "2470"]

1.d4 Nf6 2.c4 g6 3.Nf3 Bg7 4.g3 O-O 5.Bg2 d6 6.O-O Nbd7 7.Qc2 e5 8.Rd1 Re8
9.Nc3 c6 10.b3 Qe7 11.e4 exd4 12.Nxd4 Nc5 13.f3 a5 14.Be3 Nfd7 15.Bf2 Nf8
16.Qd2 Nfe6 17.Nde2 Bf8 18.f4 Ng7 19.Re1 f6 20.Rab1 Qf7 21.Nd4 Bd7 22.h3 f5
23.Nf3 Nxe4 24.Nxe4 Rxe4 25.Rxe4 fxe4 26.Ng5 Qe7 27.Re1 Re8 28.Qxa5 e3 29.Rxe3 Qf6
30.Rxe8 Nxe8 31.Qd2 Bg7 32.Kh2 Bf5 33.b4 h6 34.Nf3 Qe6 35.c5 dxc5 36.Bxc5 Be4
37.Qe2 Nf6 38.a4 Qb3 39.Nd2 Qc2 40.Qc4+ Qxc4 41.Nxc4 Bxg2 42.Kxg2 Nd7 43.Nd6 b6
44.Bf2 Bf8 45.Nc4 b5 46.Ne5 Nb8 47.a5 Bxb4 48.Ba7 Na6 49.Nxc6 Bd6 50.Nd4 b4
51.Kf3 Kf7 52.g4 h5 53.g5 Bc5 54.Bxc5 Nxc5 55.Ke3 Ke8 56.Nf3 Ke7 57.Ne5 Kd6
58.Nxg6 Ne6 59.h4 Kc5 60.Ne5 b3 61.Nd3+ Kb5 62.f5 Ng7 63.Ke4 Kxa5 64.Ke5  1-0

[Event "URS-chT"]
[Site "Podolsk"]
[Date "1990.??.??"]
[Round "?"]
[White "Kabatianski, Alexandr"]
[Black "Poluljahov, Aleksandr"]
[Result "1/2-1/2"]
[WhiteElo "2350"]
[BlackElo "2370"]

1.d4 Nf6 2.c4 g6 3.Nf3 Bg7 4.g3 O-O 5.Bg2 d6 6.O-O Nbd7 7.Nc3 e5 8.e4 exd4
9.Nxd4 Nc5 10.h3 Re8 11.Re1 Bd7 12.Rb1 h6 13.b3 a6 14.Kh2 Rb8 15.a4 a5 16.Ndb5 Re5
17.f3 Rh5 18.g4 Re5 19.Bf4 Ne8 20.Qd2 h5 21.Ne2 hxg4 22.hxg4 Qe7 23.Nbc3 c6
24.Kg1 Nf6 25.Red1 Bf8 26.Ng3 Re8  1/2-1/2

[Event "Porz Citroen-Cup"]
[Site "Porz"]
[Date "1990.??.??"]
[Round "2"]
[White "Schulz, Klaus Juergen"]
[Black "Jackelen, Thomas"]
[Result "1-0"]
[WhiteElo "2385"]
[BlackElo "2365"]

1.c4 g6 2.d4 Bg7 3.Nf3 Nf6 4.g3 O-O 5.Bg2 d6 6.O-O Nbd7 7.Qc2 e5 8.Rd1 Re8
9.Nc3 c6 10.b3 Qe7 11.Ba3 e4 12.Ng5 e3 13.f3 Nf8 14.Qc1 Bf5 15.Nge4 Bxe4
16.fxe4 Ng4 17.e5 Qg5 18.Bxd6 Qh6 19.h3 Nf2 20.Ne4 Nxd1 21.Qxd1 Nd7 22.Qf1 Bf8
23.c5 Rab8 24.Bxb8 Rxb8 25.Qf3 Qg7 26.Rf1 Be7 27.Qxe3 Nf8 28.Nd6 f6 29.d5 Nd7
30.dxc6 bxc6 31.exf6 Bxf6 32.Qe6+ Kh8 33.Nf7+ Kg8 34.Ne5+  1-0

[Event "Porz op24"]
[Site "Porz"]
[Date "1990.??.??"]
[Round "7"]
[White "Schulz, Klaus Juergen"]
[Black "Hogenacker, Jacques"]
[Result "0-1"]
[WhiteElo "2375"]
[BlackElo "2295"]

1.d4 Nf6 2.Nf3 g6 3.c4 Bg7 4.g3 O-O 5.Bg2 d6 6.Nc3 Nbd7 7.O-O e5 8.e4 exd4
9.Nxd4 Re8 10.Re1 Nc5 11.f3 a5 12.Be3 Nfd7 13.Bf1 Ne5 14.Bf2 a4 15.Rc1 c6
16.h3 Ne6 17.Nxe6 Bxe6 18.f4 Nxc4 19.f5 gxf5 20.exf5 Nxb2 21.Qc2 a3 22.fxe6 fxe6
23.Re4 d5 24.Rh4 h6 25.Bd4 e5 26.Bc5 e4 27.Rg4 h5 28.Rxg7+ Kxg7 29.Qf2 Qg5
30.h4 Qg6 31.Be2 Nd3 32.Bxd3 exd3 33.Rf1 b5 34.Qf4 d2 35.Bd4+ Kh7 36.Kh2 b4
37.Qc7+ Kg8 38.Rf6 Qc2 39.Rf8+  0-1

[Event "Bohemians-B"]
[Site "Prague"]
[Date "1990.??.??"]
[Round "?"]
[White "Znamenacek, Kvetoslav"]
[Black "Szymczak, Zbigniew"]
[Result "1/2-1/2"]
[WhiteElo "2340"]
[BlackElo "2345"]

1.d4 Nf6 2.c4 g6 3.Nf3 Bg7 4.g3 O-O 5.Bg2 d6 6.O-O Nbd7 7.Qc2 e5 8.Rd1 Re8
9.e4 exd4 10.Nxd4 c6 11.Nc3 Qe7 12.Bf4 Ne5 13.b3 Nfd7 14.h3 Nc5 15.Be3 f6
16.Rd2 a5 17.Rad1 Nf7 18.Kh2 Ng5 19.Bf4 Nf7 20.a3 Ne5 21.Be3 a4 22.b4 Nb3
23.Nxb3 axb3 24.Qxb3 Be6 25.Nd5 cxd5 26.exd5 Bd7 27.b5 Kh8 28.c5 dxc5 29.d6 Qd8
30.Bxc5 Ra5 31.a4 Be6 32.Qb4 b6 33.d7 Nxd7 34.Be3 Qe7 35.Qxe7 Rxe7 36.Bc6 Nf8
37.Bxb6 Rxa4 38.Bc5 Rf7 39.Rd8 Rc4 40.Bxf8 Rxf8 41.R1d6 Bg8 42.Rxf8 Bxf8
43.Rd8 Kg7 44.Rd7+ Kh6 45.Rd8  1/2-1/2